000 00667nam a2200205Ia 4500
005 20250923150021.0
008 008 250917s9999 xx 000 0 eng d
037 _aTextual
040 _aDSWL
_beng
_cDSWL
041 _aeng
_2eng
084 _aYX,Z1-zr;5n2, N95
_qDSWL
100 _aReddy, S.H.
_9841343
245 0 _aDirectory of Institutions for the Mentally Handicapped persons in India
_c by S.H. Reddy
260 _aSecunderabad
_b A.P. Govt. of India National Inst. for Mental Handicapped
_c1995
300 _aviii,334 p.
365 _aINR
_b50.00
925 _g50.00
942 _cTEXL
_hYX,Z1-zr;5n2, N95
999 _c1458555
_d1458555